000 00296nam a22001337a 4500
020 _a9787119117355
040 _cNUST
082 _a951.035
_bFUG
100 _aFuguo
_915016
245 _aunderstanding china poverty alleviation
300 _aill,415,p.:
500 _aH.B
942 _2ddc
_cBK
999 _c587896
_d587896